Обмен опытом новаторов производства. Вып.20: Из опыта работы Наманганского маслозавода по охлаждению зеерных цилиндров шнекпрессов МП-21 (Запись № 2201337)

Подробности
000 -МАРКЕР
контрольное поле 01416nam2a22002531 4500
001 - ИДЕНТИФИКАТОР ЗАПИСИ
контрольное поле RU\NLR\INFOCOMM\1000037018
005 - ИДЕНТИФИКАТОР ВЕРСИИ
контрольное поле 20250617155400.0
035 ## - ДРУГИЕ СИСТЕМНЫЕ НОМЕРА
Идентификатор записи (NLR Aleph) 002757645
100 ## - ДАННЫЕ ОБЩЕЙ ОБРАБОТКИ
Данные общей обработки 20040212d1955 |||y0rusy50 ca
101 0# - ЯЗЫК РЕСУРСА
Язык текста, звукозаписи и т.д. русский
102 ## - СТРАНА ПУБЛИКАЦИИ ИЛИ ПРОИЗВОДСТВА
Страна публикации российская федерация
105 ## - ПОЛЕ КОДИРОВАННЫХ ДАННЫХ: ТЕКСТОВЫЕ МАТЕРИАЛЫ, МОНОГРАФИЧЕСКИЕ
Кодированные данные о монографическом текстовом документе y |||||||||
200 1# - ЗАГЛАВИЕ И СВЕДЕНИЯ ОБ ОТВЕТСТВЕННОСТИ
Основное заглавие Из опыта работы Наманганского маслозавода по охлаждению зеерных цилиндров шнекпрессов МП-21
Первые сведения об ответственности Ю.П. Мацук
210 ## - ПУБЛИКАЦИЯ, РАСПРОСТРАНЕНИЕ И ДР.
Дата издания, распространения и т.д. 1955
Место издания, распространения и т.д. Б. м.
461 #0 - УРОВЕНЬ НАБОРА
Встроенное поле 001RU\NLR\INFOCOMM\1000036999
-- 2001#$aОбмен опытом новаторов производства$fСССР. М-во лег. и пищ. пром. "Главрасжирмасло". Всесоюз. науч.-исслед. ин-т жиров "ВНИИЖ"$vВып.20
Системный номер (АБИС) связанной записи 2201167
Автор Всесоюзный научно-исследовательский институт жиров (Ленинград)
Место публикации Л.
Дата публикации 1953-1959
Первые сведения об ответственности СССР. М-во лег. и пищ. пром. "Главрасжирмасло". Всесоюз. науч.-исслед. ин-т жиров "ВНИИЖ"
Заглавие Обмен опытом новаторов производства
Номер тома Вып.20
700 #1 - ИМЯ ЛИЦА - ПЕРВИЧНАЯ ОТВЕТСТВЕННОСТЬ
Начальный элемент ввода Мацук
Часть имени, кроме начального элемента ввода Ю.П.
Код отношения Автор
801 #1 - ИСТОЧНИК ЗАПИСИ
Страна российская федерация
Организация InfoComm
Дата составления 20040212
801 #0 - ИСТОЧНИК ЗАПИСИ
Страна российская федерация
Организация NLR
Правила каталогизации PSBO
852 ## - МЕСТОНАХОЖДЕНИЕ И ШИФР ХРАНЕНИЯ
Идентификатор организации NLR
Шифр хранения (Call Number) П11/925
942 ## - ДОПОЛНИТЕЛЬНЫЕ ЭЛЕМЕНТЫ ЗАПИСИ (АБИС)
Тип экземпляра АБИС Выпуск
980 ## - КОЛЛЕКЦИЯ
Название коллекции Национальная библиография
980 ## - КОЛЛЕКЦИЯ
Название коллекции Русская периодика

Нет доступных экземпляров.